000 00307nam a22001337a 4500
008 170503b xxu||||| |||| 00| 0 eng d
020 _a9780735577879
041 _aeng
080 _a343.9
100 _a14
101 _aSHJ
245 _aCRIMINAL PROCEDURE ADJUDICATION
_cCHEMERINSKY, E
942 _2udc
_cBK
999 _c12596
_d12596